000 02560nam0a2200409 4500
001 RU\NLR\BIBL_A\012456468
005 20210412165229.0
010 _a978-5-7609-1549-8
_9500
021 _aRU
_bКН-П-20-065011
_9КН-П-20-4883
035 _a(NLR Aleph) 012456468
035 _a(RuMoRGB)010454487
090 _a12002014
_c12002014
100 _a20210218d2020 u y0rusy50 ca
101 0 _arus
102 _aRU
105 _ay|||j|||000zy
181 0 _ai
_baxxe
182 0 _an
200 1 _aИсторическое повествование как проблема западной философии истории второй половины 20-го - начала 21-го века
_eучебное пособие
_fК.В. Ануфриева
_gМинистерство науки и высшего образования РФ, Федеральное государственное бюджетное образовательное учреждение высшего образования "Тверской государственный университет"
203 _aТекст
_bвизуальный
_cнепосредственный
210 _aТверь
_cРедакционно-издательское управление Тверского государственного университета
_d2020
215 _a105 с.
_d21
300 _aНа 105-й с. авт.: Ануфриева К.В., канд. филос. наук, доц.
320 _aБиблиогр. в конце гл. и в подстроч. примеч.
606 1 _aНарратив (филос.)
_jУчебные издания для высших учебных заведений
_2nlr_sh1
_2nlr_sh2
_3RU\NLR\AUTH\66495841
606 1 _aФилософия истории
_xИстория
_yЕвропа Западная
_z20 - 21 вв.
_jУчебные издания для высших учебных заведений
_2nlr_sh2
_3RU\NLR\AUTH\6601683996
606 1 _aФилософия истории
_xИстория
_yСоединённые Штаты Америки
_z20 - 21 вв.
_jУчебные издания для высших учебных заведений
_2nlr_sh2
_3RU\NLR\AUTH\6601683997
686 1 _aТ080.4я73
686 1 _aЮ252:Т08я73
686 1 _aЮ3(4)7я73
686 1 _aЮ3(7США)7я73
700 1 _aАнуфриева
_bК.В.
_gКарина Викторовна
942 _cBOOK
980 _aNBR
980 _aNB